ភាសាខ្មែរ ថ្នាក់ទី១០ / (Record no. 6919)

MARC details
000 -LEADER
fixed length control field 01622nam a22002417a 4500
001 - CONTROL NUMBER
control field 6919
003 - CONTROL NUMBER IDENTIFIER
control field FISKH
005 - DATE AND TIME OF LATEST TRANSACTION
control field 20250606140718.0
008 - FIXED-LENGTH DATA ELEMENTS--GENERAL INFORMATION
fixed length control field 250606b cb ||||| |||| 00| 0 eng d
020 ## - INTERNATIONAL STANDARD BOOK NUMBER
International Standard Book Number 9789995000967
040 ## - CATALOGING SOURCE
Original cataloging agency FISKH
Language of cataloging khr
Transcribing agency FISKH
Modifying agency FISKH
082 ## - DEWEY DECIMAL CLASSIFICATION NUMBER
Classification number 370
100 ## - MAIN ENTRY--PERSONAL NAME
Personal name Thy, Yin
245 ## - TITLE STATEMENT
Title ភាសាខ្មែរ ថ្នាក់ទី១០ /
Statement of responsibility, etc. លោក យិន ធី ,លោកស្រី អៀ ចាន់នារី , លោកស្រី ម៉ៅ តាន់ណាវី ,លោក ណន ម៉ារ៉ាឌី និងលោក ព្រៃ សំបូរ
250 ## - EDITION STATEMENT
Edition statement បោះពុម្ពឆ្នាំ​២០១៩
260 ## - PUBLICATION, DISTRIBUTION, ETC.
Place of publication, distribution, etc. ភ្នំពេញ :
Name of publisher, distributor, etc. គ្រឺះស្ថានបោះពុម្ពនិងចែកផ្សាយ ,
Date of publication, distribution, etc. ២០១៩ .
300 ## - PHYSICAL DESCRIPTION
Extent 252 pages :
Other physical details illustrations ;
Dimensions 25 cm .
520 ## - SUMMARY, ETC.
Summary, etc. សៀវភៅភាសាខ្មែរ ថ្នាក់ទី ១០ ត្រូវបានរៀបចំឡើងសម្រាប់សិស្សថ្នាក់ទី ១០ ដើម្បីអភិវឌ្ឍចំណេះដឹង និងជំនាញភាសាខ្មែរ។
520 ## - SUMMARY, ETC.
Summary, etc. សៀវភៅភាសាខ្មែរ ថ្នាក់ទី ១០ ត្រូវបានរៀបចំឡើងសម្រាប់សិស្សថ្នាក់ទី ១០ ដើម្បីអភិវឌ្ឍចំណេះដឹង និងជំនាញភាសាខ្មែរ។
700 ## - ADDED ENTRY--PERSONAL NAME
Personal name Tongbotta, Seng
Relator term Illustrator
942 ## - ADDED ENTRY ELEMENTS (KOHA)
Source of classification or shelving scheme Dewey Decimal Classification
Koha item type Khmer Books
Suppress in OPAC No
Holdings
Withdrawn status Lost status Source of classification or shelving scheme Damaged status Not for loan Collection Home library Current library Shelving location Date acquired Total Checkouts Full call number Barcode Date last seen Price effective from Koha item type
    Dewey Decimal Classification     Khmer Language Books / សៀវភៅភាសាខ្មែរ Footprints International School Library Network Toul Tom Poung Campus Footprints International School Library Network Toul Tom Poung Campus TTP Secondary Khmer Bookshelves 06/06/2025   THY 370 2025-1559 06/06/2025 06/06/2025 Khmer Books